ARRUPE JESUIT UNIVERSITY

CORONAVIRUS -STOP THE SPREAD - CLEAN,DISINFECT,COVER
Normal view MARC view

Entry Personal Name

Number of records used in: 1

001 - CONTROL NUMBER

  • control field: 27489

003 - CONTROL NUMBER IDENTIFIER

  • control field: ARRUPE

005 - DATE AND TIME OF LATEST TRANSACTION

  • control field: 20161116093333.0

008 - FIXED-LENGTH DATA ELEMENTS

  • fixed length control field: 161116|| aca||aabn | a|a d

040 ## - CATALOGING SOURCE

  • Original cataloging agency: ARRUPE
  • Transcribing agency: ARRUPE

100 ## - HEADING--PERSONAL NAME

  • Personal name: Hartrick, Archibald Standish,
  • Dates associated with a name: 1864-1950.

670 ## - SOURCE DATA FOUND

  • Source citation: Work cat.: (ARRUPE)0: Hartrick, Archibald Standish, 1864-1950., A painter's pilgrimage through fifty years,, 1939.

 

Arrupe Library. PO Box MP320 Mt Pleasant, Harare, Zimbabwe
263 242 745411|librarian@aju.ac.zw